Music Quiz

Random Music or Kpop Quiz

Guess kpop visuals (male version) Quiz Stats

Quiz not verified by Sporcle

Challenge
Share
Tweet
Score 0/30 Timer 04:00
0 Plays Today
% Correct
Top
97.3%
Kai
97.1%
Jin
96.5%
Mark
95.2%
Sehun
94.4%
Minho
93.4%
Taeyong
82.1%
Hongbin
80.3%
Mingyu
78.1%
Eunwoo
75.4%
Hyungwon
68.1%
Jaejoong
67.9%
L
67.2%
Jinwoo
62.8%
Himchan
61.2%
% Correct
Minhyuk
60.6%
Nichkhun
59.3%
Kikwang
54.1%
Gongchan
52.5%
Jaehyo
51.3%
Seungjun
39.6%
Rowoon
39.5%
Yunhyeong
37.3%
Kwanghee
34.2%
Shin
32.8%
Yanan
28.5%
Xero
27.1%
Yibo
26.5%
Sihyoung
10.9%
Sang
10.7%

You're not logged in!

Compare scores with friends on all Sporcle quizzes.
Join for Free
OR
Log In

You Might Also Like...

Show Comments

Extras

Top Quizzes Today


Score Distribution

Your Account Isn't Verified!

In order to create a playlist on Sporcle, you need to verify the email address you used during registration. Go to your Sporcle Settings to finish the process.

Report this User

Report this user for behavior that violates our Community Guidelines.

Details: